| 000 -LEADER |
| fixed length control field |
00584 a2200181 4500 |
| 008 - FIXED-LENGTH DATA ELEMENTS--GENERAL INFORMATION |
| fixed length control field |
220928b ||||| |||| 00| 0 eng d |
| 020 ## - INTERNATIONAL STANDARD BOOK NUMBER |
| International Standard Book Number |
9789332556065 |
| 041 0# - LANGUAGE CODE |
| Language code of text/sound track or separate title |
eng |
| 082 00 - DEWEY DECIMAL CLASSIFICATION NUMBER |
| Classification number |
621.38154 |
| Item number |
H4748 |
| 100 ## - MAIN ENTRY--PERSONAL NAME |
| Personal name |
Helfrick, Albert D. |
| 9 (RLIN) |
5240 |
| 245 ## - TITLE STATEMENT |
| Title |
Modern electronic instrumentation and measurement techniques / |
| 250 ## - EDITION STATEMENT |
| Edition statement |
1st ed. |
| 260 ## - PUBLICATION, DISTRIBUTION, ETC. (IMPRINT) |
| Place of publication, distribution, etc |
Noida: |
| Name of publisher, distributor, etc |
Pearson India Education Services Pvt. Ltd., |
| Date of publication, distribution, etc |
2016. |
| 300 ## - PHYSICAL DESCRIPTION |
| Extent |
x, 414 p. |
| 650 #0 - SUBJECT ADDED ENTRY--TOPICAL TERM |
| Topical term or geographic name as entry element |
Electric Measurements |
| 700 ## - ADDED ENTRY--PERSONAL NAME |
| Personal name |
Cooper, William D. |
| 9 (RLIN) |
2577 |
| 942 ## - ADDED ENTRY ELEMENTS (KOHA) |
| Source of classification or shelving scheme |
|
| Item type |
Books |